Từ điển Hàn - Việt

Uloženo v:
Podrobná bibliografie
Hlavní autor: Lê, Huy Khoa
Médium: Kniha
Jazyk:Undetermined
Vydáno: Thành phố Hồ Chí Minh Tổng hợp Thành phố Hồ Chí Minh 2015
Témata:
Tagy: Přidat tag
Žádné tagy, Buďte první, kdo otaguje tento záznam!
Thư viện lưu trữ: Trung tâm Học liệu Trường Đại học Cần Thơ
LEADER 00662nam a2200205Ia 4500
001 CTU_210739
008 210402s9999 xx 000 0 und d
020 |c 100000 
082 |a 495.7395922 
082 |b Kh401 
100 |a Lê, Huy Khoa 
245 0 |a Từ điển Hàn - Việt 
245 0 |c Lê Huy Khoa, Lê Hữu Nhân 
260 |a Thành phố Hồ Chí Minh 
260 |b Tổng hợp Thành phố Hồ Chí Minh 
260 |c 2015 
650 |a Tiếng Hàn,Korean language 
650 |x Tiếng Việt,Vietnamese 
904 |i Lê Thị Giàu,Hải 
980 |a Trung tâm Học liệu Trường Đại học Cần Thơ